Statistics for Louis Tomlinson - Written All Over Your Face (all lyrics)

Click here to take the quiz!

General Stats

  • This quiz has been taken 266 times
  • The average score is 189 of 211

Answer Stats

Answer% Correct
A
100%
a
100%
all
100%
All
100%
face
100%
I
100%
it
100%
It’s
100%
it’s
100%
over
100%
written
100%
you
100%
your
100%
babe
99%
Hey
99%
the
99%
be
98%
for
97%
say
97%
to
96%
So
95%
so
95%
in
94%
no
94%
behind
93%
door
92%
get
92%
hurricane
92%
I'm
92%
I’m
92%
know
92%
ready
92%
war
92%
When
91%
when
91%
we
90%
Don’t
88%
don’t
88%
Not
88%
come
87%
is
86%
morning
86%
I’ve
85%
Can
83%
back
81%
coffee
81%
trouble
81%
cold
80%
if
80%
loving
80%
please
79%
‘Cause
78%
sober
77%
up
77%
want
77%
we’re
76%
enough
75%
hard
75%
chance
74%
Got
74%
hungover
74%
me
74%
nothing
74%
us
74%
what
74%
You’re
73%
even
72%
nearly
72%
now
72%
saying
72%
something
72%
vertical
72%
atmosphere’s
71%
good
71%
really
71%
woken
71%
yet
70%
I’ll
69%
that
69%
treatment
66%
finished
65%
ain’t
64%
getting
64%
fighting
63%
giving
61%
hole
61%
talk
61%
distance
60%
achieving
58%
hear
58%
close
57%
out
57%
thunder
55%
find
53%
silence
50%

Score Distribution

Percentile by Number Answered

Percent of People with Each Score

Your Score History

You have not taken this quiz